| 000 | 00862nam a2200217Ia 4500 | ||
|---|---|---|---|
| 008 | 0000002006 usa 0000000000eng00 | ||
| 020 | _a897972996 | ||
| 090 | _aPUS00 E77r1 | ||
| 100 | 1 |
_aEstes, Richard _d1932 |
|
| 245 | 1 | 0 |
_aRichard Estes _b: recent work _c/ editor Janis Gardner Cecil |
| 300 |
_a40 p. _c/ 25 cm. |
||
| 500 | _aExposición realizada en Marlborough, New York, Abril 11 Mayo 13, 2006 \ Con el patronazgo del maestro venezolano Jesús Rafael Soto (q.e.p.d.) \ Registro auspiciado por el IDCT. Bogotá | ||
| 600 | 0 | 0 |
_aESTES, RICHARD, 1932/ _xTRABAJOS PICTORICOS |
| 650 | 1 | 4 | _aARTE CONTEMPORANEO ESTADOUNIDENSE |
| 650 | 1 | 4 | _xCATALOGOS |
| 650 | 1 | 4 | _xEXPOSICIONES |
| 650 | 1 | 4 | _aPINTORES ESTADOUNIDENSES |
| 650 | 1 | 4 | _aPINTURA ESTADOUNIDENSE |
| 700 | 1 | _aCecil, Janis Gardner, ed. | |
| 999 |
_c4145 _d4145 |
||
| 260 |
_aNew York : Marlborough _c2006 |
||